000 00717nam a2200265Ia 4500
003 OSt
005 20220918174216.0
006 a|||||r|||| 00| 0
007 ta
008 220917b |||||||| |||| 00| 0 eng d
024 _a11,100
037 _cTextual
040 _aARTS
_cARTS
_beng
041 _2eng
_aeng
082 _aM1942, J4 (EPS)
100 _aKatre S M
245 0 _aIntroduction to Indian textual criticism
260 _aPoona
_bDeccan College
_c1954
300 _a148
_ccm.
490 _aDecan college handbook series; 5
650 _aINDUSTRIAL ARTS
700 _a Gode P K
942 _hM1942, J4 (EPS)
_cTEXL
_2CC
999 _c152218
_d152218